| 000 | 00517nam a22001817a 4500 | ||
|---|---|---|---|
| 999 |
_c41071 _d41071 |
||
| 003 | OSt | ||
| 005 | 20210305093543.0 | ||
| 008 | 210305b ||||| |||| 00| 0 eng d | ||
| 020 | _a9788131724675 | ||
| 040 | _coclc | ||
| 082 |
_a651.7 _bSHE/C |
||
| 100 |
_98513 _aSherfield, Robert M |
||
| 245 |
_aCornerstone Developing Soft Skills / _cRobert M Sherfield |
||
| 250 | _a4th Ed. | ||
| 260 |
_aNew Delhi: _bPearson, _c2015. |
||
| 300 | _a409p | ||
| 942 |
_2ddc _cBK _h651.7 _iSHE/C _k651.7 _mSHE/C |
||